00902nam a2200253 a 450000100060000000300080000600500170001400800410003103500190007204000320009104100080012308200270013110000340015824500430019226000490023530000260028449000500031050000190036065000420037983000580042194200120047999900170049195201400050850525BD-RjUL20211209075525.0160827s1962 nyu 001 0 engx  a(BD-RjUL)50645 aDLCcDLCdMYGdBD-RjULbeng1 aeng 223a515.7222bLOS 19621 aLorch, Edgar Raymond.915134000aSpectral theory /cEdgar Raymond Lorch aNew York :bOxford University Press,cc1962. a[8], 158 p. ;c22 cm. aUniversity texts in the mathematical sciences aIncludes index 0aSpectral theory (Mathematics)9151341 aUniversity texts in the mathematical sciences9151343 2ddccBK c50525d50525 00102ddc40708NFICaRUCLbRUCLcStackd1964-06-18eZeitlingerg44.00l0o515.7222 LOS 1962r2016-08-27 00:00:00tC-2w2016-08-27yBK